000 00767cam a2200157 4500500
005 20260405001936.0
041 _afre
042 _adc
100 1 0 _aBrowaeys, Dorothée
_eauthor
245 0 0 _aWilliam MacAskill, Faire le bien, en mieux ! L’altruisme efficace. Translated from English (UK) by Philippine Donnelly. Foreword by Matthieu Ricard. Hermann, 2025, 264 pages, €20.
260 _c2026.
500 _a82
520 _aAs Art Deco celebrates its centenary, a number of exhibitions in Paris and the surrounding area reflect on the singularity and influence of this movement.
786 0 _nÉtudes | 4335 | 3 | 2026-02-25 | p. 137a-138 | 0014-1941
856 4 1 _uhttps://shs.cairn.info/journal-etudes-2026-3-page-137a?lang=en&redirect-ssocas=7080
999 _c2052537
_d2052537